Statistics for Olabildiğince Yüksek Say - Bir Dakika Sprint

Click here to take the quiz!

General Stats

  • This quiz has been taken 269 times
  • The average score is 66 of 200

Answer Stats

#% Correct
1
99%
2
98%
3
97%
4
95%
5
95%
6
95%
7
95%
8
95%
9
95%
10
94%
11
92%
12
91%
13
90%
14
90%
15
90%
16
89%
17
88%
18
88%
19
88%
20
88%
21
88%
22
88%
23
88%
24
87%
25
87%
26
85%
27
85%
28
85%
29
85%
30
85%
31
85%
32
84%
33
83%
34
82%
35
81%
36
80%
37
80%
38
80%
39
80%
40
80%
41
79%
42
77%
43
77%
44
76%
45
76%
46
76%
47
75%
48
75%
49
74%
50
74%
51
74%
52
72%
53
72%
54
72%
55
72%
56
72%
57
71%
58
70%
59
70%
60
68%
61
66%
62
66%
63
65%
64
64%
65
63%
66
63%
67
61%
68
60%
69
58%
70
54%
71
52%
72
51%
73
49%
74
46%
75
44%
76
43%
77
41%
78
37%
79
37%
80
36%
81
34%
82
32%
83
30%
84
30%
85
28%
86
26%
87
25%
88
23%
89
22%
90
19%
91
19%
92
18%
93
17%
94
17%
95
17%
96
17%
97
15%
98
14%
99
14%
100
12%
101
12%
102
12%
103
10%
104
10%
105
9%
106
8%
107
7%
108
5%
109
5%
110
4%
111
3%
112
2%
113
2%
114
2%
115
1%
116
1%
117
1%
118
1%
119
1%
120
1%
121
1%
122
1%
123
1%
124
1%
125
1%
126
1%
127
1%
128
1%
129
1%
130
1%
131
1%
132
1%
133
1%
134
1%
135
1%
136
1%
137
1%
138
1%
139
1%
140
1%
141
1%
142
1%
143
1%
144
1%
145
1%
146
1%
147
1%
148
1%
149
1%
150
1%
151
1%
152
1%
153
1%
154
1%
155
1%
156
1%
157
1%
158
1%
159
1%
160
1%
161
1%
162
1%
163
1%
164
1%
165
1%
166
1%
167
1%
168
1%
169
1%
170
1%
171
1%
172
1%
173
1%
174
1%
175
1%
176
1%
177
1%
178
1%
179
1%
180
1%
181
1%
182
1%
183
1%
184
1%
185
1%
186
1%
187
1%
188
1%
189
1%
190
1%
191
1%
192
1%
193
1%
194
1%
195
1%
197
1%
199
1%
196
0%
198
0%
200
0%

Score Distribution

Percentile by Number Answered

Percent of People with Each Score

Your Score History

You have not taken this quiz